Ekonomika turismu turismus České republiky

Salvato in:
Dettagli Bibliografici
Autore principale: Palatková, Monika
Altri autori: Zichová, Jitka
Natura: Libro
Lingua:ceco
Pubblicazione: Praha GRADA Publishing 2014
Edizione:2. aktualiz. a rozšíř. vyd.
Soggetti:
Tags: Aggiungi Tag
Nessun Tag, puoi essere il primo ad aggiungerne!!

MARC

LEADER 00000nam a2200000 4500
001 0222860
005 20240313085734.6
020 |a 978-80-247-3643-3 
041 0 |a cze 
044 |a CZ 
245 1 0 |a Ekonomika turismu  |b turismus České republiky  |c Monika Palatková, Jitka Zichová 
250 |a 2. aktualiz. a rozšíř. vyd. 
264 1 |a Praha  |b GRADA Publishing  |c 2014 
300 |a 262 s. 
610 2 0 |a turistika 
610 2 0 |a ruch cestovný 
610 2 0 |a vývoj 
610 2 0 |a trh 
610 2 0 |a dopyt 
610 2 0 |a ponuka 
610 2 0 |a ceny 
610 2 0 |a konkurencieschopnosť 
610 2 0 |a údaje štatistické 
610 2 0 |a monitoring 
610 2 0 |a Česko 
610 2 0 |a Európska únia 
100 1 |a Palatková, Monika 
700 1 |a Zichová, Jitka